00540nam a22001817a 450000500170000001000150001702000250003203500140005703700130007108200120008410000200009624500780011625000100019426000370020427000660024130000220030770000290032920230403111342.0 aENG-136594 a9788126052677c50.00 aEN-120126 bDBAD/PUB a494.811 aGurunathan,Rama aJeeva Narana Duraikkannan /cBy Rama Gurunathan And Trans By N.Murugaiyan aFirst aNew DelhibSahitya Akademic2017 aRavindra Bhawan, 35, Ferozshah Kotta Road bNew Delhie110001 a160p.;c21cm(pbk) aN.MurugaiyaneTranslated